LEADER 01220nam0-2200397li-450 001 990000247820203316 005 20180312154835.0 010 $a0-201-54848-8 035 $a0024782 035 $aUSA010024782 035 $a(ALEPH)000024782USA01 035 $a0024782 100 $a20001109g19911993km-y0itay0103----ba 101 0 $aeng 102 $aUS 200 1 $aC++ Primer$fStanley B. Lippman 205 $a2nd ed 210 $aReading (Mass.)$cAddison-Wesley$dcopyr. 1991 (stampa 1993) 215 $aXVI, 614 p.$cill.$d23 cm 610 1 $alinguaggio c++ 676 $a005133$9Specifici linguaggi di programmazione 700 1$aLippman,$bStanley B.$061503 801 $aSistema bibliotecario di Ateneo dell' Università di Salerno$gRICA 912 $a990000247820203316 951 $a005.133 LIP (A)$b0015911$c005.133$d00101038 959 $aBK 969 $aSCI 979 $c19940408 979 $c20001110$lUSA01$h1715 979 $aALANDI$b90$c20010321$lUSA01$h0951 979 $aALANDI$b90$c20010321$lUSA01$h0952 979 $aALANDI$b90$c20010321$lUSA01$h0957 979 $c20020403$lUSA01$h1633 979 $aPATRY$b90$c20040406$lUSA01$h1618 996 $aC++ Primer$9375235 997 $aUNISA LEADER 01494nam--2200397---450- 001 990005907180203316 005 20131112153517.0 035 $a000590718 035 $aUSA01000590718 035 $a(ALEPH)000590718USA01 035 $a000590718 100 $a20131112d2013----km-y0itay50------ba 101 $aita 102 $aIT 105 $a||||||||001yy 200 1 $aMessaggio al Parlamento in seduta comune nel giorno del giuramento del Presidente della Repubblica Giorgio Napolitano$eAula di Montecitorio, 22 aprile 2013 210 $aRoma$cUfficio per la Stampa e l'Informazione della Presidenza della Repubblica$d2013 215 $a21 p.$d12 cm 300 $aIn testa al frontespizio: Presidenza della Repubblica italiana 606 0 $2BNCF 676 $a342.45 700 01$aNapolitano,$bGiorgio <1925- >$0120314 712 01$aItalia : Presidenza della Repubblica 801 0$aIT$bsalbc$gISBD 912 $a990005907180203316 951 $aXXXI.MISC. 148$b78200 G.$cXXIV.2.A.$d00344428 959 $aBK 969 $aGIU 979 $aCHIARA$b90$c20131112$lUSA01$h1529 979 $aCHIARA$b90$c20131112$lUSA01$h1530 979 $aCHIARA$b90$c20131112$lUSA01$h1532 979 $aCHIARA$b90$c20131112$lUSA01$h1534 979 $aCHIARA$b90$c20131112$lUSA01$h1534 979 $aCHIARA$b90$c20131112$lUSA01$h1535 996 $aMessaggio al Parlamento in seduta comune nel giorno del giuramento del Presidente della Repubblica Giorgio Napolitano$91073288 997 $aUNISA